| 000 | 02655nam a2200289 a 4500 | ||
|---|---|---|---|
| 003 | OSt | ||
| 005 | 20251029105202.0 | ||
| 007 | cr ||||||a|c|a | ||
| 008 | 230519s2020 mx ||||fom||| 001 0 s d | ||
| 040 | _erda | ||
| 100 | 1 |
_9187119 _aMejorado Velasco, Nazly Abadi |
|
| 245 | 1 | 0 |
_aAnálisis de la monumentalidad de árboles urbanos en México / _cPor Nazly Abadi Mejorado Velasco; director de tesis José Luis Romo Lozano. |
| 264 | 1 |
_aChapingo, México : _bEl autor, _c2020. |
|
| 300 |
_a1 recurso en línea (64 páginas): _bCuadros y figuras. |
||
| 336 |
_2rdacontent _atexto _btxt |
||
| 337 |
_2rdamedia _acomputadora _bc |
||
| 338 |
_2rdacarrier _arecurso en línea _bcr |
||
| 502 |
_bMCCF _cDICIFO _d2020. _gMAE |
||
| 504 | _aIncluye referencias bibliográficas: páginas 5-6, 20-22, 49-53 | ||
| 520 | _aLa evaluación de los árboles monumentales es una actividad importante para promover su preservación. Según la revisión realizada, se encontró que actualmente no existe una legislación clara y suficiente en México para brindar protección a los árboles monumentales. Esta investigación consiste en una evaluación de la monumentalidad de los árboles urbanos en México, realizada con la participación de 15 expertos en el tema. Los árboles evaluados fueron: "El Tule"; "El Sabino"; "El Ahuehuete"; "El Centinela"; "La Higuera"; "El Baobab"; "El Ginkgo" y "El Árbol de los Acuerdos", todos ellos ubicados dentro de diferentes estados del territorio mexicano. Se definieron cinco criterios para la evaluación: tamaño del árbol, estado de conservación, importancia cultural, importancia del paisaje y rareza. El establecimiento de los criterios se basó en metodologías conocidas y utilizadas en la evaluación de los árboles. El método PROMETHEE se utilizó para evaluar la monumentalidad. Los resultados del estudio indicaron que el "El Tule" y el "Árbol de los Acuerdos", ubicados en el Estado de Oaxaca y el Estado de México, respectivamente, son los árboles que tienen características particulares que los hacen destacar sobre el resto de los árboles. El valor de monumentalidad más destacado de los árboles fue para "El Tule" debido a que las evaluaciones de los expertos mostraron las preferencias más altas a favor del conjunto de atributos que lo caracterizan. | ||
| 650 | 4 |
_982441 _aÁrboles _xVariedades |
|
| 650 | 4 |
_9187052 _aÁrboles _xPreservación |
|
| 650 | 4 |
_982437 _aÁrboles _xIdentificación |
|
| 700 | 1 |
_999719 _aRomo Lozano, José Luis _edirector. |
|
| 856 |
_uhttp://10.13.5.2/tesis/tm/Mejorado_Velasco_Nazly_Abadi.pdf _zDESCARGAR PDF |
||
| 942 |
_2Clasificación Universidad Autónoma Chapingo _cTD |
||
| 999 |
_c218795 _d218795 |
||